<?xml version="1.0" encoding="UTF-8"?><?xml-stylesheet type="text/xsl" href="static/style.xsl"?><OAI-PMH xmlns="http://www.openarchives.org/OAI/2.0/" xmlns:xsi="http://www.w3.org/2001/XMLSchema-instance" xsi:schemaLocation="http://www.openarchives.org/OAI/2.0/ http://www.openarchives.org/OAI/2.0/OAI-PMH.xsd"><responseDate>2026-04-17T20:24:26Z</responseDate><request verb="GetRecord" identifier="oai:www.recercat.cat:20.500.12327/4692" metadataPrefix="marc">https://recercat.cat/oai/request</request><GetRecord><record><header><identifier>oai:recercat.cat:20.500.12327/4692</identifier><datestamp>2025-10-22T11:15:37Z</datestamp><setSpec>com_2072_4428</setSpec><setSpec>com_2072_4427</setSpec><setSpec>col_2072_487898</setSpec></header><metadata><record xmlns="http://www.loc.gov/MARC21/slim" xmlns:dcterms="http://purl.org/dc/terms/" xmlns:xsi="http://www.w3.org/2001/XMLSchema-instance" xmlns:doc="http://www.lyncode.com/xoai" xsi:schemaLocation="http://www.loc.gov/MARC21/slim http://www.loc.gov/standards/marcxml/schema/MARC21slim.xsd">
   <leader>00925njm 22002777a 4500</leader>
   <datafield ind2=" " ind1=" " tag="042">
      <subfield code="a">dc</subfield>
   </datafield>
   <datafield ind2=" " ind1=" " tag="720">
      <subfield code="a">Manzanares Pedrosa, Alicia</subfield>
      <subfield code="e">author</subfield>
   </datafield>
   <datafield ind2=" " ind1=" " tag="720">
      <subfield code="a">Correa-Fiz, Florencia</subfield>
      <subfield code="e">author</subfield>
   </datafield>
   <datafield ind2=" " ind1=" " tag="720">
      <subfield code="a">Andrade, Fabián</subfield>
      <subfield code="e">author</subfield>
   </datafield>
   <datafield ind2=" " ind1=" " tag="720">
      <subfield code="a">Ayats, Teresa</subfield>
      <subfield code="e">author</subfield>
   </datafield>
   <datafield ind2=" " ind1=" " tag="720">
      <subfield code="a">Nofrarias Espadamala, Miquel</subfield>
      <subfield code="e">author</subfield>
   </datafield>
   <datafield ind2=" " ind1=" " tag="720">
      <subfield code="a">Cerdà-Cuéllar, Marta</subfield>
      <subfield code="e">author</subfield>
   </datafield>
   <datafield ind2=" " ind1=" " tag="260">
      <subfield code="c">2025-05-16</subfield>
   </datafield>
   <datafield ind2=" " ind1=" " tag="520">
      <subfield code="a">Campylobacter is the leading cause of foodborne gastroenteritis worldwide with poultry and poultry products being major infection sources. Chicken livers may constitute a risk of infection due to their high Campylobacter prevalence. The growing presence of antibiotic resistant (AR) Campylobacter strains in poultry is a serious concern as they can be transferred to humans causing AR infections. This study assessed the AR prevalence of C. jejuni isolates from chicken livers from northeastern Spain. Using the broth microdilution method and whole-genome sequencing (WGS) with Illumina HiSeq, 39 liver isolates recovered from carcasses at slaughter from different farms were analyzed. Phenotypic AR to at least one out of six antibiotics tested was observed in 32 isolates (82 %). Ciprofloxacin (71.8 %) and tetracycline (64.1 %) were the most common resistances, and ciprofloxacin-tetracycline profile the most frequent (51.3 %). One isolate was multidrug resistant, while seven were susceptible to all tested antibiotics. Nearly all ciprofloxacin-resistant isolates carried the point mutation T86I in the gyrase gene, and most tetracycline-resistant isolates carried the tet(O) gene. All isolates carried genes coding for the CmeABC efflux pump, which may contribute to tetracycline resistance. The ertapenem-resistant isolate carried the blaOXA-185 gene, while almost all carried the blaOXA-61 which has been associated with β-lactam resistance. WGS analysis revealed additional potential resistance determinants, including genes associated with multidrug resistance, which were not detected phenotypically. Altogether, these results highlight the potential risk of chicken livers as a source of AR C. jejuni and underscore the added value of WGS in providing a deeper insight into the genotypic AR potential of these isolates.</subfield>
   </datafield>
   <datafield ind1="8" ind2=" " tag="024">
      <subfield code="a">Manzanares-Pedrosa, Alicia, Florencia Correa-Fiz, Fabián Andrade, Teresa Ayats, Miquel Nofrarías, and Marta Cerdà-Cuéllar. 2025. “Phenotypic and Whole Genome-based Characterization of Antibiotic Resistance of Campylobacter Jejuni Isolates From Chicken Livers.” Poultry Science 104 (8): 105302. https://doi.org/10.1016/j.psj.2025.105302.</subfield>
   </datafield>
   <datafield ind1="8" ind2=" " tag="024">
      <subfield code="a">0032-5791</subfield>
   </datafield>
   <datafield ind1="8" ind2=" " tag="024">
      <subfield code="a">http://hdl.handle.net/20.500.12327/4692</subfield>
   </datafield>
   <datafield ind1="8" ind2=" " tag="024">
      <subfield code="a">https://doi.org/10.1016/j.psj.2025.105302</subfield>
   </datafield>
   <datafield ind2="0" ind1="0" tag="245">
      <subfield code="a">Phenotypic and whole genome-based characterization of antibiotic resistance of Campylobacter jejuni isolates from chicken livers</subfield>
   </datafield>
</record></metadata></record></GetRecord></OAI-PMH>